000 00498nam a2200181Ia 4500
005 20250326125841.0
008 250326s9999 xx 000 0 und d
037 _aTextbook
040 _aFMSL
_beng
_cFMSL
041 _aeng
_2eng
084 _aB281obX:8 N8
_qFMSL
100 _aAigner D J
245 0 _aPrinciples of statistical decision making
_cAigner D J
260 _aNY
_bNY, Macmillan
_c1968
300 _a145p
942 _cTB
_hB281obX:8 N8
999 _c1279864
_d1279864